[Event "Titled Tue 10th Jun Early"]
[Site "chess.com INT"]
[Date "2025.06.10"]
[Round "11"]
[White "Kucza, Karol"]
[Black "Skiadopoulos, Nikolaos"]
[Result "1-0"]
[WhiteTitle "FM"]
[BlackTitle "CM"]
[WhiteElo "2316"]
[BlackElo "1882"]
[WhiteFideId "1159755"]
[BlackFideId "4200772"]
[EventDate "2025.06.10"]

1. e4 c5 2. Nf3 Nc6 3. d4 cxd4 4. Nxd4 e5 5. Nb5 d6 6. N1c3 a6 7. Na3 b5 8. Nd5
Nce7 9. c4 Nxd5 10. Qxd5 Be6 11. Qc6+ Bd7 12. Qd5 Nf6 13. Qd3 b4 14. Nc2 Rb8 15.
Bg5 Be7 16. Be2 O-O 17. O-O Bc6 18. Bxf6 Bxf6 19. Ne3 g6 20. Nd5 Bg7 21. Rfd1 b3
22. axb3 Bxd5 23. cxd5 a5 24. Qc3 Rb4 25. Ra4 Qb6 26. Rxb4 axb4 27. Qc6 Qb8 28.
Rc1 Bh6 29. Rc2 Rd8 30. g3 Qa7 31. Qc7 Qxc7 32. Rxc7 Kg7 33. Rb7 Bd2 34. Bg4 h5
35. Be6 Rf8 36. Rd7 Bc1 37. Bh3 Bxb2 38. Rxd6 Bc3 39. Rc6 f5 40. exf5 gxf5 41.
d6 Rd8 42. Bxf5 Kf6 43. Bh3 e4 44. d7+ Ke5 45. Rc8 1-0

[Event "Titled Tue 10th Jun Early"]
[Site "chess.com INT"]
[Date "2025.06.10"]
[Round "11"]
[White "Levitan, Judah Nathan"]
[Black "Fofanov, Ilia"]
[Result "1-0"]
[WhiteTitle "CM"]
[BlackTitle "CM"]
[WhiteElo "2266"]
[BlackElo "2182"]
[WhiteFideId "14332639"]
[BlackFideId "4158962"]
[EventDate "2025.06.10"]

1. e4 c5 2. Nf3 d6 3. d4 cxd4 4. Nxd4 Nf6 5. Nc3 g6 6. Be3 Bg7 7. Qd2 O-O 8. f3
Nc6 9. O-O-O d5 10. exd5 Nxd5 11. Nxc6 bxc6 12. Bd4 e5 13. Bc5 Be6 14. Ne4 Qc7
15. Bxf8 Bxf8 16. Kb1 Nb4 17. a3 a5 18. Nf6+ Kg7 19. Qg5 Be7 20. Nh5+ Kh8 21.
Qh6 Bf8 22. Qg5 gxh5 23. Qxh5 Nd5 24. Bd3 f6 25. Qh4 Rb8 26. Ka1 Qb6 27. Qxh7# 1-0

[Event "Titled Tue 10th Jun Early"]
[Site "chess.com INT"]
[Date "2025.06.10"]
[Round "11"]
[White "Grave, Jacob Templen"]
[Black "Gilfanov, Marat I"]
[Result "0-1"]
[WhiteTitle "FM"]
[BlackTitle "FM"]
[WhiteElo "2350"]
[BlackElo "2343"]
[WhiteFideId "1542656"]
[BlackFideId "34372164"]
[EventDate "2025.06.10"]

1. c4 e5 2. Nc3 Nc6 3. g3 Nf6 4. Bg2 Bc5 5. e3 O-O 6. Nge2 d6 7. O-O a5 8. d4
Ba7 9. h3 Nd7 10. b3 f5 11. Bb2 Nf6 12. Nd5 e4 13. Nxf6+ Qxf6 14. Qd2 Qh6 15. h4
Bd7 16. Nf4 a4 17. b4 Ne7 18. c5 d5 19. f3 c6 20. b5 Bb8 21. bxc6 bxc6 22. fxe4
fxe4 23. Kh2 Nf5 24. Bh3 g5 25. hxg5 Qxg5 26. Rg1 Bc7 27. Raf1 Rab8 28. Bc1 Rf7
29. g4 Nh4 30. Rg3 Rbf8 31. Qf2 Nf3+ 32. Rxf3 exf3 33. Qxf3 Rg7 34. Rg1 h5 35.
Rg3 hxg4 0-1

[Event "Titled Tue 10th Jun Early"]
[Site "chess.com INT"]
[Date "2025.06.10"]
[Round "11"]
[White "Yonal, Timur"]
[Black "Yushko, Olga"]
[Result "1-0"]
[WhiteTitle "FM"]
[BlackTitle "WFM"]
[WhiteElo "2170"]
[BlackElo "2033"]
[WhiteFideId "44115725"]
[BlackFideId "14114500"]
[EventDate "2025.06.10"]

1. e4 Nf6 2. e5 Nd5 3. c4 Nb6 4. d4 d6 5. f4 dxe5 6. fxe5 Bf5 7. Be3 e6 8. Be2
Bb4+ 9. Nd2 c5 10. dxc5 Bxd2+ 11. Qxd2 Qxd2+ 12. Kxd2 N6d7 13. Nf3 Nc6 14. Kc3
Ndxe5 15. Nxe5 Nxe5 16. Bd4 Nd7 17. Bf3 e5 18. Rhe1 O-O 19. Bxe5 Nxc5 20. Bd6
Rfc8 21. Bxc5 Rxc5 22. Bxb7 Rb8 23. b4 Rc7 24. Bd5 Kf8 25. c5 Rd8 26. Rad1 a5
27. a3 Rb8 28. Rd4 axb4+ 29. axb4 Ra7 30. Rf4 Ra3+ 31. Kb2 Ra4 32. Rxf5 Rbxb4+
33. Kc3 Rg4 34. Rxf7+ Kg8 35. Re8# 1-0

[Event "Titled Tue 10th Jun Early"]
[Site "chess.com INT"]
[Date "2025.06.10"]
[Round "11"]
[White "Williams, Simon K"]
[Black "Levitan, Caleb Levi"]
[Result "1-0"]
[WhiteTitle "GM"]
[BlackTitle "FM"]
[WhiteElo "2444"]
[BlackElo "2399"]
[WhiteFideId "404454"]
[BlackFideId "14332620"]
[EventDate "2025.06.10"]

1. e4 c5 2. b4 cxb4 3. a3 e6 4. axb4 d5 5. e5 Bxb4 6. c3 Be7 7. d4 Nc6 8. h4
Bxh4 9. Qg4 Bf6 10. exf6 Qxf6 11. Bd3 e5 12. Qg3 exd4 13. Ne2 dxc3 14. Bg5 Qe5
15. Bf4 Qf6 16. O-O Nge7 17. Bg5 Qe5 18. f4 Qd6 19. Nbxc3 O-O 20. Nb5 Qc5+ 21.
Kh1 Nf5 22. Qh3 g6 23. Bf6 h5 24. Rac1 Qe3 25. Rf3 Qe6 26. Ba1 Nfe7 27. Qh4 Nf5
28. Qg5 Nfe7 29. f5 1-0

[Event "Titled Tue 10th Jun Early"]
[Site "chess.com INT"]
[Date "2025.06.10"]
[Round "11"]
[White "Zepeda Berlanga, Jan Enrique"]
[Black "Lopez Abreu, Michel Samuel"]
[Result "1-0"]
[WhiteTitle "CM"]
[BlackTitle "FM"]
[WhiteElo "1984"]
[BlackElo "2038"]
[WhiteFideId "5132355"]
[BlackFideId "3927903"]
[EventDate "2025.06.10"]

1. e4 e6 2. d4 d5 3. Nc3 dxe4 4. Nxe4 Nd7 5. c3 Ngf6 6. Nxf6+ Nxf6 7. Bd3 b6 8.
Nf3 Bb7 9. O-O Be7 10. Bf4 O-O 11. Ne5 h6 12. Qe2 Nd5 13. Bxh6 gxh6 14. Qh5 Nf6
15. Qxh6 Qd5 16. f3 c5 17. Ng4 Rfd8 18. Nxf6+ Bxf6 19. Bh7+ Kh8 20. Bg6+ Kg8 21.
Qh7+ Kf8 22. Qxf7# 1-0

[Event "Titled Tue 10th Jun Early"]
[Site "chess.com INT"]
[Date "2025.06.10"]
[Round "11"]
[White "Reprintsev, Alexander"]
[Black "Gales, Randi-Ioan"]
[Result "1-0"]
[WhiteTitle "IM"]
[BlackTitle "CM"]
[WhiteElo "2256"]
[BlackElo "2243"]
[WhiteFideId "14100541"]
[BlackFideId "1285360"]
[EventDate "2025.06.10"]

1. e4 c5 2. b3 g6 3. Bb2 Nf6 4. Nc3 d6 5. Bb5+ Nbd7 6. Nd5 Bg7 7. Nxf6+ Bxf6 8.
Bxf6 exf6 9. Ne2 O-O 10. O-O a6 11. Bxd7 Bxd7 12. Ng3 Qe7 13. d3 Bc6 14. c4 Rfe8
15. Qd2 Kg7 16. f4 b5 17. Rae1 a5 18. f5 Qe5 19. Rf2 Rab8 20. fxg6 fxg6 21. Ref1
Re6 22. Qxa5 Rb7 23. Qa6 d5 24. cxb5 Rxb5 25. exd5 Qxd5 26. Ne4 Rb7 27. Rxf6
Rxf6 28. Rxf6 Qd4+ 29. Rf2 Bxe4 30. dxe4 Rf7 31. Qf1 Qe3 32. e5 1-0

[Event "Titled Tue 10th Jun Early"]
[Site "chess.com INT"]
[Date "2025.06.10"]
[Round "11"]
[White "Arya G Mallar"]
[Black "Saydaliev, Saidakbar"]
[Result "0-1"]
[WhiteTitle "WCM"]
[BlackTitle "IM"]
[WhiteElo "2000"]
[BlackElo "2450"]
[WhiteFideId "25115324"]
[BlackFideId "14203693"]
[EventDate "2025.06.10"]

1. c4 e6 2. g3 h5 3. h4 Nf6 4. Bg2 d5 5. Nf3 c6 6. cxd5 exd5 7. O-O Be7 8. d4
O-O 9. Nc3 Bf5 10. Bf4 Nbd7 11. Rc1 a5 12. Na4 Nb6 13. Nc5 Ra7 14. b3 a4 15. Ne5
axb3 16. axb3 Bxc5 17. dxc5 Nbd7 18. Qd4 Re8 19. Ra1 Rxa1 20. Rxa1 Ne4 21. Nxd7
Qxd7 22. Ra7 f6 23. Qb4 Re7 24. Qb6 Nc3 25. Bd6 Nxe2+ 26. Kf1 Re8 27. Rxb7 Qe6
28. Qb4 Bd3 29. Qd2 Nxg3+ 30. Kg1 Ne2+ 31. Kh1 Be4 32. Qb4 Qh3+ 0-1

[Event "Titled Tue 10th Jun Early"]
[Site "chess.com INT"]
[Date "2025.06.10"]
[Round "11"]
[White "Henriquez Villagra, Cristobal"]
[Black "Nagare Kaivalya Sandip"]
[Result "0-1"]
[WhiteTitle "GM"]
[BlackTitle "FM"]
[WhiteElo "2597"]
[BlackElo "2321"]
[WhiteFideId "3409350"]
[BlackFideId "25957929"]
[EventDate "2025.06.10"]

1. d4 Nf6 2. Nf3 g6 3. Bf4 Bg7 4. e3 O-O 5. h3 c5 6. c3 b6 7. Be2 Bb7 8. O-O d6
9. Bh2 Nbd7 10. Nbd2 Ne4 11. Nxe4 Bxe4 12. d5 Bxf3 13. Bxf3 b5 14. Be2 Qb6 15.
Qd2 c4 16. Bg3 Rfc8 17. h4 Rab8 18. h5 b4 19. Rac1 bxc3 20. bxc3 Nc5 21. f3 gxh5
22. Bf2 Na4 23. Rc2 Nxc3 24. Rxc3 Bxc3 25. Qxc3 Qb2 26. Qe1 c3 27. e4 c2 28. Be3
Qc3 29. Qg3+ Kh8 30. Qf2 f6 31. Rc1 Rb1 32. Kf1 Qa3 0-1

[Event "Titled Tue 10th Jun Early"]
[Site "chess.com INT"]
[Date "2025.06.10"]
[Round "11"]
[White "Montano Vicente, Guadalupe"]
[Black "Sarveshwaran V"]
[Result "0-1"]
[BlackTitle "CM"]
[WhiteElo "1938"]
[BlackElo "2290"]
[WhiteFideId "5181399"]
[BlackFideId "25699016"]
[EventDate "2025.06.10"]

1. d4 Nf6 2. c4 g6 3. Nc3 Bg7 4. e4 d6 5. h3 O-O 6. Be3 Nbd7 7. g4 e5 8. d5 a5
9. f3 Nc5 10. h4 h5 11. g5 Nfd7 12. b3 Qe7 13. Qd2 Na6 14. Rb1 Ndc5 15. a3 Bd7
16. b4 axb4 17. axb4 Na4 18. Nxa4 Bxa4 19. Bd3 c6 20. Nh3 b5 21. dxc6 bxc4 22.
Bxc4 Bxc6 23. b5 Rab8 24. Kf2 Bd7 25. bxa6 Rxb1 26. Rxb1 Bxh3 27. Rb7 Qd8 28. a7
Qc8 29. Rb8 Qxc4 30. a8=Q Qf1+ 31. Kg3 Be6 32. Qg2 Qe1+ 33. Bf2 Qd2 34. Rxf8+
Bxf8 35. Qh2 d5 36. exd5 Bxd5 37. Qa3 Bxa3 0-1

[Event "Titled Tue 10th Jun Early"]
[Site "chess.com INT"]
[Date "2025.06.10"]
[Round "11"]
[White "Lazaro Azcutia, Miguel"]
[Black "Sarkar, Justin"]
[Result "1-0"]
[WhiteTitle "CM"]
[BlackTitle "IM"]
[WhiteElo "2275"]
[BlackElo "2284"]
[WhiteFideId "54538254"]
[BlackFideId "2010011"]
[EventDate "2025.06.10"]

1. e4 e5 2. Nf3 Nc6 3. Nc3 Be7 4. Bb5 d6 5. d4 exd4 6. Nxd4 Bd7 7. Bxc6 bxc6 8.
Qf3 Bf6 9. e5 Bxe5 10. Nxc6 Bxc6 11. Qxc6+ Kf8 12. O-O Ne7 13. Qf3 h5 14. Re1 g6
15. Bg5 Qc8 16. Bf6 Rh7 17. Bxe5 dxe5 18. Rxe5 Nf5 19. Nd5 Rb8 20. Nf6 Rh8 21.
Re8+ Qxe8 22. Nxe8 Rxe8 23. Qa3+ Kg7 24. Qxa7 1-0

[Event "Titled Tue 10th Jun Early"]
[Site "chess.com INT"]
[Date "2025.06.10"]
[Round "11"]
[White "Cordoba Roa, Angel Gabriel"]
[Black "Margl, Roland"]
[Result "1/2-1/2"]
[WhiteTitle "FM"]
[BlackTitle "FM"]
[WhiteElo "2396"]
[BlackElo "2289"]
[WhiteFideId "3957624"]
[BlackFideId "773719"]
[EventDate "2025.06.10"]

1. e4 c5 2. Nf3 Nc6 3. d4 cxd4 4. Nxd4 Nf6 5. Nc3 e5 6. Ndb5 d6 7. Bg5 a6 8. Na3
b5 9. Bxf6 gxf6 10. Nd5 Bg7 11. g3 f5 12. exf5 Bxf5 13. Bg2 Be6 14. c3 O-O 15.
Nc2 Rb8 16. O-O a5 17. Qe2 b4 18. Nce3 bxc3 19. bxc3 Ne7 20. Rad1 Nxd5 21. Nxd5
Kh8 22. f4 exf4 23. Nxf4 Bxc3 24. Be4 Qg5 25. Kh1 Be5 26. Qd2 Qh6 27. Qxa5 Rb2
28. Bg2 Rxa2 29. Qc7 Bg4 30. Rde1 Qg5 31. Qc4 Rb2 32. Nd3 Rd2 33. Nxe5 dxe5 34.
Qc3 f6 35. Rxe5 Qxe5 36. Qd3 Rxd3 1/2-1/2

[Event "Titled Tue 10th Jun Early"]
[Site "chess.com INT"]
[Date "2025.06.10"]
[Round "11"]
[White "Brancaleoni, Maurizio"]
[Black "Brenke, Andreas"]
[Result "1-0"]
[WhiteTitle "FM"]
[BlackTitle "FM"]
[WhiteElo "2185"]
[BlackElo "2349"]
[WhiteFideId "803022"]
[BlackFideId "4602900"]
[EventDate "2025.06.10"]

1. Nf3 d5 2. d4 Nf6 3. c4 c6 4. cxd5 cxd5 5. Nc3 Nc6 6. Bf4 a6 7. Rc1 Bf5 8. e3
e6 9. Qb3 Bb4 10. Ne5 Bxc3+ 11. Qxc3 Nxe5 12. Bxe5 O-O 13. Be2 Rc8 14. Bc7 Qd7
15. e4 Bxe4 16. Qg3 Ne8 17. Bf4 Rxc1+ 18. Bxc1 Qa4 19. O-O Qxd4 20. b3 Bg6 21.
Ba3 Qd2 22. Bf3 Qxa2 23. Bxf8 Kxf8 24. h4 h5 25. Rc1 Qxb3 26. Rc8 f6 27. Qxg6 1-0

[Event "Titled Tue 10th Jun Early"]
[Site "chess.com INT"]
[Date "2025.06.10"]
[Round "11"]
[White "Mummana Venkata Ruthvik"]
[Black "Loskutova, Viktoriya"]
[Result "0-1"]
[WhiteTitle "CM"]
[BlackTitle "WFM"]
[WhiteElo "2237"]
[BlackElo "2092"]
[WhiteFideId "25697307"]
[BlackFideId "34166278"]
[EventDate "2025.06.10"]

1. Nf3 Nf6 2. g3 g6 3. Bg2 Bg7 4. O-O O-O 5. d4 d6 6. b3 e5 7. dxe5 dxe5 8. Bb2
e4 9. Nd4 Qe7 10. c4 e3 11. f3 c5 12. Nb5 Rd8 13. Qc1 Nc6 14. N1a3 Rd2 15. Re1
a6 16. Nc3 Nd4 17. Bf1 Bf5 18. Ncb1 Bxb1 19. Rxb1 Nh5 20. Kh1 Qg5 21. Kg2 Nf4+
22. Kh1 Nfxe2 23. Bxe2 Nxe2 24. Rxe2 Rxe2 25. Bxg7 Qh5 0-1

[Event "Titled Tue 10th Jun Early"]
[Site "chess.com INT"]
[Date "2025.06.10"]
[Round "11"]
[White "Sarana, Alexey"]
[Black "Kravtsiv, Martyn"]
[Result "1-0"]
[WhiteTitle "GM"]
[BlackTitle "GM"]
[WhiteElo "2686"]
[BlackElo "2598"]
[WhiteFideId "24133795"]
[BlackFideId "14113147"]
[EventDate "2025.06.10"]

1. e4 e5 2. Nf3 Nc6 3. Bb5 a6 4. Ba4 Nf6 5. O-O Be7 6. Re1 b5 7. Bb3 O-O 8. c3
d5 9. exd5 Nxd5 10. Nxe5 Nxe5 11. Rxe5 c6 12. d4 Bd6 13. Re1 Qh4 14. g3 Qh3 15.
Re4 g5 16. Qf3 Bf5 17. Nd2 h6 18. Bc2 Rae8 19. Qg2 Qxg2+ 20. Kxg2 Bxe4+ 21. Nxe4
Be7 22. a4 f5 23. Nd2 g4 24. axb5 axb5 25. Ra6 Bg5 26. Rxc6 Re1 27. Bb3 Rd8 28.
Rc5 Rxc1 29. Bxd5+ Kh8 30. Nf1 Re8 31. Rxb5 Ree1 32. Bc4 f4 33. gxf4 Bxf4 34.
Rf5 Bg5 35. Rf7 Rb1 36. Rb7 Red1 37. Be2 Re1 38. Bd3 Rbd1 39. Bc4 Rb1 40. d5
Red1 41. Be2 Rxd5 42. Bxg4 Rc5 43. Ng3 Rxc3 44. Nh5 Rc5 45. Be2 Re1 46. Rb8+ 1-0

[Event "Titled Tue 10th Jun Early"]
[Site "chess.com INT"]
[Date "2025.06.10"]
[Round "11"]
[White "Goryachkina, Aleksandra"]
[Black "Masague Artero, Guerau"]
[Result "1-0"]
[WhiteTitle "GM"]
[BlackTitle "FM"]
[WhiteElo "2533"]
[BlackElo "2326"]
[WhiteFideId "4147103"]
[BlackFideId "32098952"]
[EventDate "2025.06.10"]

1. e4 e5 2. Nf3 Nc6 3. Bb5 a6 4. Ba4 Nf6 5. O-O d6 6. Bxc6+ bxc6 7. Re1 c5 8. c3
Bb7 9. d4 cxd4 10. cxd4 Nd7 11. Ng5 Be7 12. Nxf7 Kxf7 13. Qb3+ Kf8 14. Qxb7 exd4
15. Bf4 Bf6 16. Qc6 Rb8 17. Nd2 Nc5 18. e5 Rb6 19. Qd5 c6 20. Qc4 Be7 21. exd6
Bxd6 22. Qxd4 Nb7 23. Bxd6+ Nxd6 24. Nc4 1-0

[Event "Titled Tue 10th Jun Early"]
[Site "chess.com INT"]
[Date "2025.06.10"]
[Round "11"]
[White "Ghoreishi Amiri, Seyed Kian"]
[Black "Zong, Davis"]
[Result "1-0"]
[WhiteTitle "CM"]
[BlackTitle "FM"]
[WhiteElo "2216"]
[BlackElo "2242"]
[WhiteFideId "36757527"]
[BlackFideId "30903955"]
[EventDate "2025.06.10"]

1. e4 e5 2. Nf3 Nc6 3. Nc3 Nf6 4. d4 exd4 5. Nxd4 Bb4 6. Nxc6 bxc6 7. Bd3 O-O 8.
O-O d5 9. exd5 cxd5 10. Bg5 c6 11. Qf3 h6 12. Bxf6 Qxf6 13. Qxf6 gxf6 14. Ne2
Bd6 15. Rad1 Rb8 16. b3 a5 17. c4 Be6 18. Nd4 c5 19. cxd5 cxd4 20. dxe6 fxe6 21.
Bc4 Rbd8 22. Bxe6+ Kg7 23. Rd3 Rfe8 24. Bc4 f5 25. Rfd1 Bb4 26. Kf1 Kf6 27. g3
Bc3 28. h4 Re7 29. Kg2 Rde8 30. Rf3 Re5 31. Bd3 Ra8 32. g4 Rg8 33. Bxf5 Ke7 34.
Kh3 Kd6 35. Rxc3 1-0

[Event "Titled Tue 10th Jun Early"]
[Site "chess.com INT"]
[Date "2025.06.10"]
[Round "11"]
[White "Sargsyan, Shant"]
[Black "Materia, Marco"]
[Result "0-1"]
[WhiteTitle "GM"]
[BlackTitle "IM"]
[WhiteElo "2669"]
[BlackElo "2489"]
[WhiteFideId "13306766"]
[BlackFideId "45150451"]
[EventDate "2025.06.10"]

1. c4 Nf6 2. g3 e6 3. Bg2 d5 4. Nf3 Be7 5. O-O O-O 6. b3 b6 7. cxd5 exd5 8. d4
Bb7 9. Nc3 Nbd7 10. Bb2 a6 11. Rc1 Re8 12. Ne5 Bd6 13. Nd3 Nf8 14. e3 Ne6 15. b4
c6 16. a4 h5 17. b5 cxb5 18. axb5 a5 19. Ne5 Rc8 20. Qb3 Bxe5 21. dxe5 Nc5 22.
Qd1 Rxe5 23. Na4 Re6 24. Bxf6 Rxf6 25. Bh3 Rc7 26. Nxc5 bxc5 27. Qa4 d4 28. Qxa5
Qd5 29. f3 Rxf3 30. Qxc7 dxe3 31. Qb8+ Kh7 32. Rxf3 Qxf3 33. Bf5+ g6 34. Bxg6+
Kg7 35. Qd6 Qg2# 0-1

[Event "Titled Tue 10th Jun Early"]
[Site "chess.com INT"]
[Date "2025.06.10"]
[Round "11"]
[White "Sihite, Chelsie Monica Ignesias"]
[Black "Neustroev, Victor"]
[Result "1-0"]
[WhiteTitle "WIM"]
[BlackTitle "FM"]
[WhiteElo "2223"]
[BlackElo "2283"]
[WhiteFideId "7101198"]
[BlackFideId "4144147"]
[EventDate "2025.06.10"]

1. Nf3 d5 2. d3 Nc6 3. g3 e5 4. Bg2 Be6 5. O-O Qd7 6. c4 O-O-O 7. cxd5 Bxd5 8.
Nc3 Be6 9. Be3 f6 10. Rc1 Nge7 11. Nb5 a6 12. Na3 Nd5 13. Nd2 Nxe3 14. fxe3 Bd5
15. Bxd5 Qxd5 16. Qb3 Bc5 17. Kf2 h5 18. Ne4 Ba7 19. Qxd5 Rxd5 20. Kf3 h4 21. g4
Ne7 22. Nc3 Rd7 23. b4 Kb8 24. b5 axb5 25. Naxb5 Bb6 26. Na4 Nd5 27. e4 Nf4 28.
Nxb6 cxb6 29. Rc4 Rc8 30. Rfc1 Rxc4 31. Rxc4 g6 32. d4 Ne6 33. d5 Nc5 34. a4 f5
35. gxf5 gxf5 36. exf5 Rxd5 37. Rxh4 Kc8 38. f6 Kd7 39. Rh7+ Ke6 40. Nc7+ Kd6
41. Nxd5 Kxd5 42. Rxb7 e4+ 43. Ke3 1-0

[Event "Titled Tue 10th Jun Early"]
[Site "chess.com INT"]
[Date "2025.06.10"]
[Round "11"]
[White "Alizadeh, Mohammad Mahdi"]
[Black "Kholyavko, Mariya"]
[Result "1-0"]
[WhiteTitle "CM"]
[BlackTitle "WFM"]
[WhiteElo "2039"]
[BlackElo "2175"]
[WhiteFideId "22598820"]
[BlackFideId "13748505"]
[EventDate "2025.06.10"]

1. d4 Nf6 2. c4 g6 3. Nf3 c5 4. g3 cxd4 5. Nxd4 Nc6 6. Bg2 Bg7 7. O-O O-O 8. Nc3
Nxd4 9. Qxd4 d6 10. b3 Ne4 11. Qxe4 Bxc3 12. Bg5 f6 13. Rac1 Qa5 14. Bh6 Rf7 15.
Qd3 Bb2 16. Rc2 Ba3 17. Bd5 e6 18. Bf3 Rb8 19. Bd2 Qc5 20. Be3 Qa5 21. Bd2 Qc5
22. Rb1 Bb4 23. Be3 Qa5 24. h4 Bd7 25. Bd4 e5 26. a3 Bxa3 27. Bc3 Bb4 28. Bxb4
Qxb4 29. Bd5 Kf8 30. Bxf7 Kxf7 31. c5 Bf5 32. Qd5+ 1-0

[Event "Titled Tue 10th Jun Early"]
[Site "chess.com INT"]
[Date "2025.06.10"]
[Round "11"]
[White "Kozak, Antoni"]
[Black "Bournel, Antoine"]
[Result "1-0"]
[BlackTitle "IM"]
[WhiteElo "2426"]
[BlackElo "2423"]
[WhiteFideId "21832030"]
[BlackFideId "26093553"]
[EventDate "2025.06.10"]

1. e4 c5 2. Be2 b6 3. f4 Bb7 4. Bf3 d5 5. d3 dxe4 6. Bxe4 Bxe4 7. dxe4 Qxd1+ 8.
Kxd1 Nf6 9. Nd2 Nc6 10. c3 Ng4 11. Ke2 e5 12. f5 g6 13. h3 Nf6 14. g4 Bh6 15.
Ngf3 gxf5 16. exf5 e4 17. Nxe4 Nxe4 18. Bxh6 Ng3+ 19. Kf2 Nxh1+ 20. Rxh1 O-O-O
21. Bg7 Rhg8 22. Bf6 Rd6 23. g5 Rd5 24. Ke3 c4 25. Kf4 Rb5 26. Rh2 Re8 27. h4
Ne7 28. Bxe7 Rxe7 29. h5 Kd8 30. Nd4 Rc5 31. h6 Ke8 32. g6 fxg6 33. fxg6 Kf8 34.
Nf5 Re6 35. gxh7 1-0

[Event "Titled Tue 10th Jun Early"]
[Site "chess.com INT"]
[Date "2025.06.10"]
[Round "11"]
[White "Montejo Bello, Lorena Beatriz"]
[Black "Thorhallsson, Simon"]
[Result "0-1"]
[WhiteTitle "WFM"]
[BlackTitle "FM"]
[WhiteElo "2090"]
[BlackElo "2202"]
[WhiteFideId "3529045"]
[BlackFideId "2310090"]
[EventDate "2025.06.10"]

1. e4 g5 2. d4 g4 3. Nc3 d6 4. Be3 Nf6 5. Qd2 a6 6. Bd3 b5 7. f3 gxf3 8. Nxf3
Bb7 9. a3 Nbd7 10. O-O Ng4 11. Bf4 c5 12. h3 cxd4 13. Nxd4 Nge5 14. Be2 Rc8 15.
Nf5 Rg8 16. Kh2 e6 17. Nxd6+ Bxd6 18. Qxd6 Qf6 19. Bxe5 Qxe5+ 20. Qxe5 Nxe5 21.
Rad1 Ke7 22. Rd2 Rg6 23. Bh5 Rg5 24. Bf3 Rcg8 25. Rdf2 f6 26. Ne2 Nc4 27. b3 Nd2
28. Re1 Bxe4 29. Nd4 Nxf3+ 30. gxf3 Bd5 31. f4 Rg2+ 32. Rxg2 Rxg2+ 33. Kh1 Re2+ 0-1

[Event "Titled Tue 10th Jun Early"]
[Site "chess.com INT"]
[Date "2025.06.10"]
[Round "11"]
[White "Lopez, Henry"]
[Black "Mohylnyi, Stepan"]
[Result "1-0"]
[BlackTitle "FM"]
[WhiteElo "2050"]
[BlackElo "2314"]
[WhiteFideId "5203830"]
[BlackFideId "34127836"]
[EventDate "2025.06.10"]

1. d4 Nf6 2. Nf3 e6 3. c4 d5 4. Nc3 Be7 5. Bg5 O-O 6. e3 h6 7. Bh4 b6 8. cxd5
Nxd5 9. Bg3 Bb7 10. Bd3 Nd7 11. O-O Rc8 12. Rc1 c5 13. Nxd5 exd5 14. Ne5 c4 15.
Bf5 Bc6 16. Nxc6 Rxc6 17. Qa4 Qc8 18. Qxa7 Rd8 19. Qa4 g6 20. Bh3 f5 21. Qb5 Nf6
22. Be5 Qd7 23. b3 Ne4 24. bxc4 Nd2 25. Qxd5+ Qxd5 26. cxd5 Rxc1 27. Rxc1 Rxd5
28. Rc2 Ne4 29. g3 Rb5 30. Bf1 Rb1 31. Kg2 g5 32. Bc4+ Kh7 33. f3 Nd6 34. Bb3
Nf7 35. Bxf7 1-0

[Event "Titled Tue 10th Jun Early"]
[Site "chess.com INT"]
[Date "2025.06.10"]
[Round "11"]
[White "Bacus, Dharim"]
[Black "Fernandes, Rogerio Paulo Muller"]
[Result "1-0"]
[WhiteTitle "FM"]
[WhiteElo "2131"]
[BlackElo "2241"]
[WhiteFideId "5201527"]
[BlackFideId "2101599"]
[EventDate "2025.06.10"]

1. e4 e6 2. d4 d5 3. Nd2 c5 4. Ngf3 cxd4 5. Nxd4 Nc6 6. Bb5 Bd7 7. Nxc6 bxc6 8.
Bd3 Bd6 9. Qe2 Qc7 10. Nf3 f6 11. exd5 cxd5 12. Nd4 e5 13. Qh5+ Kf8 14. Nf5 Bxf5
15. Bxf5 g6 16. Bxg6 Qg7 17. Bf5 Qxg2 18. Bh6+ Nxh6 19. Qxh6+ Qg7 20. Qd2 d4 21.
O-O-O Qg5 22. f4 Qxf5 23. fxe5 Qxe5 24. Kb1 Rb8 25. Qh6+ Kf7 26. Rhg1 Bb4 27.
Rg7+ Ke6 28. Qh3+ f5 29. Qb3+ Kf6 30. Qf7# 1-0

[Event "Titled Tue 10th Jun Early"]
[Site "chess.com INT"]
[Date "2025.06.10"]
[Round "11"]
[White "Nikulina, Alena"]
[Black "Mihajlovskij, Sergei"]
[Result "0-1"]
[WhiteTitle "WFM"]
[WhiteElo "1875"]
[BlackElo "2292"]
[WhiteFideId "4172051"]
[BlackFideId "13500805"]
[EventDate "2025.06.10"]

1. e4 c5 2. Nf3 d6 3. c3 Nf6 4. h3 g6 5. Bd3 Bg7 6. Bc2 e5 7. O-O O-O 8. d4 cxd4
9. cxd4 exd4 10. Nxd4 Nc6 11. Nb5 d5 12. N1c3 d4 13. Nd5 Nxd5 14. exd5 Nb4 15.
Bb3 Qb6 16. a4 a6 17. Na3 Bf5 18. Bf4 Nd3 19. Nc4 Qa7 20. Bc7 b5 21. Bd6 bxc4
22. Bxc4 Rfd8 23. Bxd3 Bxd3 24. Qxd3 Rxd6 25. Rfe1 Rxd5 26. b4 Rad8 27. b5 axb5
28. axb5 Qb7 29. Rab1 h5 30. b6 R5d6 31. Qb5 Rc6 32. Re2 Rdd6 0-1